(Eighty eight )88 pearls : (Record no. 89774)

MARC details
000 -LEADER
fixed length control field 00589nam a22001937a 4500
005 - DATE AND TIME OF LATEST TRANSACTION
control field 20141121122509.0
010 ## - LCCN (DPL NO)
LC control number ENG-111115
020 ## - INTERNATIONAL STANDARD BOOK NUMBER
Terms of availability 150.00
International Standard Book Number 9789351651772
035 ## - SYSTEM CONTROL NUMBER
System control number EN-94647
037 ## - SOURCE OF ACQUISITION
Source of stock number/acquisition DBAD/PUB
082 ## - DEWEY DECIMAL CLASSIFICATION NUMBER
Classification number S
100 ## - MAIN ENTRY--PERSONAL NAME
Personal name Soni,Krishna Murari
245 ## - TITLE STATEMENT
Title (Eighty eight )88 pearls :
Statement of responsibility, etc by Krishna Murari Soni [and] Piyush Soni
Remainder of title a collection of short stories /
260 ## - PUBLICATION, DISTRIBUTION, ETC. (IMPRINT)
Place of publication, distribution, etc New Delhi
Name of publisher, distributor, etc Diamond Books
Date of publication, distribution, etc 2014
270 ## - ADDRESS
City New Delhi
Postal code 110020
Address X-30, Okhla Industrial Area, Phase-II
300 ## - PHYSICAL DESCRIPTION
Extent 216p.
Dimensions 22cm(pbk)
700 ## - ADDED ENTRY--PERSONAL NAME
Personal name Soni, Piyush
942 ## - ADDED ENTRY ELEMENTS (KOHA)
Source of classification or shelving scheme Dewey Decimal Classification
Item type English Books
Call number suffix SON
Classification part S
Holdings
Withdrawn status Lost status Not for loan Collection code Home library Current library Date acquired Source of acquisition Cost, normal purchase price Full call number Barcode Copy number Cost, replacement price Koha item type
    Not For Loan Fiction D.B.Act.Division D.B.Act.Division 05/11/2014 DBAD/PUB 150.00 S SON EN-94647 1 150.00 English Books

© Delhi Public Library
Hit Counter
free hit counter